000 00806cam a2200253 4500
001 ABS67291
008 031128n2003 000 0 eng u
035 _a(Sirsi) u124509
100 _aSelby, M.
245 _aMany interesting returns - I
260 _c2003
490 _aTaxation
_v152(3928) 9 October 2003, 33-36(4)
520 _aThe first of a two part article, examines the new stamp duty land tax regime and advises on the completion and delivery of the stamp duty land tax returns.
590 _aABS
650 _aSTAMP DUTY LAND TAX
650 _aSTAMP DUTY REFORM
650 _aFINANCE ACT 2003
650 _aLAND TRANSACTION RETURNS
650 _aINLAND REVENUE
650 _aTRANSITIONAL RELIEF
650 _aPROPERTY-COMMERCIAL PROPERTY
690 _aTAXATION
942 _n0
999 _c73887
_d73887